International business: an introduction and essentials. (4th ed.) (Record no. 77517)

MARC details
000 -LEADER
fixed length control field 01016nam a2200241 a 4500
008 - FIXED-LENGTH DATA ELEMENTS--GENERAL INFORMATION
fixed length control field 120416s1990 ||||||||||||||||| || u
020 ## - INTERNATIONAL STANDARD BOOK NUMBER
International Standard Book Number 0256080100
050 ## - LIBRARY OF CONGRESS CALL NUMBER
Classification number HD 62.4 Bal
100 ## - MAIN ENTRY--PERSONAL NAME
Personal name Ball, Donald A
245 10 - TITLE STATEMENT
Title International business: an introduction and essentials. (4th ed.)
250 ## - EDITION STATEMENT
Edition statement 4th ed.
260 ## - PUBLICATION, DISTRIBUTION, ETC.
Place of publication, distribution, etc. Homewood, Ill.:
Name of publisher, distributor, etc. Richard D. Irwin
Date of publication, distribution, etc. 1990
300 ## - PHYSICAL DESCRIPTION
Extent xxv, 779 pages : illustrations
350 ## -
-- 0.00
500 ## - GENERAL NOTE
General note Includes bibliographical references.
650 #0 - SUBJECT ADDED ENTRY--TOPICAL TERM
Topical term or geographic name entry element INTERNATIONAL ECONOMIC RELATIONS
650 #0 - SUBJECT ADDED ENTRY--TOPICAL TERM
Topical term or geographic name entry element BUSINESS
650 #0 - SUBJECT ADDED ENTRY--TOPICAL TERM
Topical term or geographic name entry element INTERNATIONAL BUSINESS ENTERPRISES
650 ## - SUBJECT ADDED ENTRY--TOPICAL TERM
Topical term or geographic name entry element INTERNATIONAL BUSINESS ENTERPRISES--MANAGEMENT
700 ## - ADDED ENTRY--PERSONAL NAME
Personal name McCulloch, Wendell H
995 ## -
-- MAIN LIBRARY OPEN ACCESS
-- 0.00
-- 723200
-- CBU-MAIN LIBRARY (Kitwe)
-- 1
-- 46.95
-- HD 62.4 Bal
-- 1
-- LOST
-- 002868
-- Main Library Open Access Collection
995 ## -
-- TEXTBOOKS (SB)
-- 0.00
-- 1683
-- CBU-SCHOOL TEXTBOOK COLLECTIONS
-- 1
-- 0.00
-- SCHOOL TEXTBOOK
-- 2
-- AVAILABLE
-- Sep 18, 2009
-- 1683
-- School Collections
999 ## -
-- 77517
-- 77517
Holdings
Withdrawn status Lost status Source of classification or shelving scheme Damaged status Not for loan Permanent Location Current Location Shelving location Date acquired Total Checkouts Full call number Barcode Date last seen Copy number Price effective from Koha item type
          CBU-MAIN LIBRARY, KITWE. CBU-MAIN LIBRARY, KITWE.   04/27/2023   HD 62.4 Bal 002868 04/27/2023 1 04/27/2023 MONOGRAPH
          CBU-SCHOOL TEXT BOOK COLLECTION CBU-SCHOOL TEXT BOOK COLLECTION   04/27/2023   SCHOOL TEXTBOOK 1683 04/27/2023 2 04/27/2023 MONOGRAPH